Online
Catalog

Tres militantes cristianos : (Record no. 27698)

MARC details
000 -CABECERA
campo de control de longitud fija 00860nam a2200241 a 4500
001 - NÚMERO DE CONTROL
campo de control 000028206
005 - FECHA Y HORA DE LA ÚLTIMA TRANSACCIÓN
campo de control 20200930031434.0
008 - DATOS DE LONGITUD FIJA--INFORMACIÓN GENERAL
campo de control de longitud fija 110407s1971 dr a 000 | spa d
040 ## - FUENTE DE LA CATALOGACIÓN
Centro catalogador/agencia de origen DO-SdBNP
Lengua de catalogación spa
Centro/agencia transcriptor BNPHU
082 ## - NÚMERO DE LA CLASIFICACIÓN DECIMAL DEWEY
Número de clasificación 922
Número de documento/Ítem G633t
100 1# - ENTRADA PRINCIPAL--NOMBRE DE PERSONA
Nombre de persona Gómez Cerda, José
9 (RLIN) 8583
245 10 - MENCIÓN DE TÍTULO
Título Tres militantes cristianos :
Resto del título un sindicalista, un sacerdote, un escritor /
Mención de responsabilidad, etc. José Gómez Cerda ; presentación de Henry Molina.
260 ## - PUBLICACIÓN, DISTRIBUCIÓN, ETC.
Lugar de publicación, distribución, etc. Santo Domingo :
Nombre del editor, distribuidor, etc. Mundo Moderno,
Fecha de publicación, distribución, etc. 1971.
300 ## - DESCRIPCIÓN FÍSICA
Extensión 48 p. :
Otras características físicas il. ;
Dimensiones 19 cm.
490 1# - MENCIÓN DE SERIE
Mención de serie Conciencia
Designación de volumen o secuencia 3
590 ## - NOTA LOCAL (RLIN)
Nota local Inventariado, 2019/BT
600 14 - PUNTO DE ACCESO ADICIONAL DE MATERIA--NOMBRE DE PERSONA
Nombre de persona ZARZUELA, RAFAEL PORFIRIO
Fechas asociadas al nombre 1936-1968
9 (RLIN) 55201
600 14 - PUNTO DE ACCESO ADICIONAL DE MATERIA--NOMBRE DE PERSONA
Nombre de persona CARDIJN, JOSÉ
Fechas asociadas al nombre 1882-1967
9 (RLIN) 55202
600 14 - PUNTO DE ACCESO ADICIONAL DE MATERIA--NOMBRE DE PERSONA
Nombre de persona BLOY, LÉON
Fechas asociadas al nombre 1846-1917
9 (RLIN) 39266
700 12 - PUNTO DE ACCESO ADICIONAL--NOMBRE DE PERSONA
Nombre de persona Molina, Henry,
Término indicativo de función/relación present.
9 (RLIN) 7271
830 #0 - PUNTO DE ACCESO ADICIONAL DE SERIE-TÍTULO UNIFORME
Título uniforme Conciencia;
Designación de volumen o secuencia 3
9 (RLIN) 12689
910 ## - DATOS DE OPCIÓN DEL USUARIO (OCLC)
Datos de opción del usuario Validado. Control de calidad MFF
Holdings
Estado de retiro Estado de pérdida Restricciones de uso No para préstamo Código de colección Localización permanente Ubicación/localización actual Ubicación en estantería Fecha de adquisición Número de inventario Total de préstamos Signatura topográfica completa Código de barras Fecha visto por última vez Número de copia Precio válido a partir de Tipo de ítem Koha Nota pública
        Dominicana de Servicio General General Depósito 29.06.2011 LF1   922 G633t 28206-30 25.06.2020 e.3 25.06.2020 Libro y Folleto Colección Dominicana de Servicio  
        Dominicana de Servicio General General Depósito 01.08.2019 LF1   922 G633t 28206-40 25.06.2020 e.4 25.06.2020 Libro y Folleto Colección Dominicana de Servicio Perteneció a la biblioteca personal de la familia Reyes Duluc.
      Excluido de préstamo Patrimonio Dominicano Patrimonio Dominicano Patrimonio Dominicano Depósito 07.04.2011 LF1   922 G633t 28206-10 25.06.2020   25.06.2020 Libro y Folleto Colección Patrimonio Dominicano  
      Excluido de préstamo Patrimonio Dominicano Patrimonio Dominicano Patrimonio Dominicano Depósito 14.04.2011 LF1   922 G633t 28206-20 25.06.2020 e.2 25.06.2020 Libro y Folleto Colección Patrimonio Dominicano  

Powered by Koha